| 000 | 00695nam a2200229 i 4500 | ||
|---|---|---|---|
| 001 | bg | ||
| 100 | 1 | _aWERMUT, Janina | |
| 245 | 0 |
_aZbiór przykładów z rachunkowości zarządczej z rozwiązaniami / _cJanina Wermut. |
|
| 260 |
_aGdańsk : _bOśrodek Doradztwa i Doskonalenia Kadr, _c1999. |
||
| 300 |
_a151 s. : _brys., wykr. ; _c21 cm. |
||
| 650 | 9 |
_aDecyzje _xgospodarka |
|
| 650 | 9 |
_aKoszty _xprzemysł |
|
| 650 | 9 |
_aRachunek ekonomiczny _xprzemysł |
|
| 650 | 9 | _aRachunkowość przemysłowa | |
| 020 | _a8386141603 | ||
| 040 | _cBPK | ||
| 041 | 0 | _apl | |
| 080 | _a657::66/69:658.14/.17.011 | ||
| 920 | _a83-86141-60-3 | ||
| 942 | _cKS | ||
| 008 | s pl f |000 0 pol | ||
| 999 |
_c35830 _d35830 |
||
| 856 |
_uhttp://koha.tu.koszalin.pl/cgi-bin/koha/opac-detail.pl?biblionumber=35830 _yKatalog online BPK |
||